| 000 | 00411cam a2200181 4500 | ||
|---|---|---|---|
| 001 | D9801 | ||
| 008 | 090401t1978 xxu||||| |||| 00| 0 eng d | ||
| 035 | _a(Sirsi) u22494 | ||
| 041 | _aeng | ||
| 050 | _a628.3 | ||
| 100 | _aWhite, J.B. | ||
| 245 | _aWastewater engineering | ||
| 260 |
_aLondon _bEdward Arnold _c1978 |
||
| 300 | _axii. 318p. ill. 23cm | ||
| 350 | _a18 | ||
| 942 | _n0 | ||
| 948 | _c04/03/1997 | ||
| 999 |
_c88193 _d88193 |
||